000 00337nam a22001457a 4500
008 221121b ||||| |||| 00| 0 eng d
020 _a9780521340007
041 _aeng
080 _a30
082 _a30
100 _a32 FEY
101 _aJURED
245 _aELEMENTARY PARTICLES AND THE LAWS OF PHYSICS
_cFEYNMAN R
942 _2udc
_cBK
999 _c58971
_d58971